000 00293nam a22001337a 4500
008 180927b xxu||||| |||| 00| 0 eng d
020 _a9780691019789
041 _aeng
080 _a810
100 _a21
101 _aGJL
245 _aA kierkegaard anthology
_cBretall,R
942 _2udc
_cBK
999 _c48563
_d48563